Pokémon - Les attaques de Florges - Statistiques

Statistiques générales
  • Ce quiz a été pris 16 fois
  • Le résultat moyen est 8 sur 12
Statistiques - réponses
Niveaux Types Noms des attaques % Correct
Départ Fée Pouvoir Lunaire
100%
Départ Fée Champ Brumeux
90%
Départ Plante Tempête Florale
80%
Départ Plante Champ Herbu
70%
Départ Plante Aromathérapie
60%
Départ Plante Danse-Fleur
60%
Départ Plante Feuille Magik
60%
Départ Fée Voix Enjôleuse
60%
Départ Normal Vœu
50%
Départ Normal Air Veinard
40%
Départ Fée Garde Florale
40%
Départ Plante Nœud Herbe
40%
Aucun quiz correspondant
Distribution des résultats
% des personnes avec chaque résultat
Percentile par nombre de réponses
Votre historique - résultats
Vous n’avez pas pris ce quiz